| 000 | 00406 a2200169 4500 | ||
|---|---|---|---|
| 001 | 69657 | ||
| 020 | _a8535605444 | ||
| 040 | _cAnchieta - Itaigara | ||
| 100 | _aCampos, Salviano de | ||
| 240 | 1 | 0 |
_aLuta de Mariana vitória de Tomás _lpor |
| 245 | 1 | 0 | _aLuta de Mariana vitória de Tomás |
| 300 | _a46 | ||
| 362 | 0 | _a2002 | |
| 440 | 1 | _aPaulinas | |
| 650 | 4 | _aLiteratura infanto-juvenil | |
| 942 | _cBK | ||
| 999 |
_c69657 _d69657 |
||